000 00466nam a2200193Ia 4500
008 170918s9999 xx 000 0 und d
020 _a9780439221887
050 _bC978 1999
100 _aCurtis, Christopher Paul
245 _aBud, not Buddy /
245 _cChristopher Paul Curtis.
260 _aNew York :
260 _bScholastic,
260 _c1999
300 _a243 pages :
300 _bcolored illustration ;
300 _c19cm.
500 _a950
999 _c342280
_d342280